Working with Anglo-saxon Manuscripts : (Record no. 618212)

MARC details
000 -LEADER
fixed length control field 00522nam a2200193 a 4500
008 - FIXED-LENGTH DATA ELEMENTS--GENERAL INFORMATION
fixed length control field 260330s2009##################000#0#eng##
020 ## - INTERNATIONAL STANDARD BOOK NUMBER
ISBN 9780859898409
082 04 - DEWEY DECIMAL CLASSIFICATION NUMBER
Classification number 355.709423
Item number HIG
100 1# - MAIN ENTRY--AUTHOR NAME
Personal name Owen-Crocker, Gale R.,
245 10 - TITLE STATEMENT
Title Working with Anglo-saxon Manuscripts :
260 ## - PUBLICATION, DISTRIBUTION, ETC. (IMPRINT)
Name of publisher Liverpool University Press,
Year of publication 2009.
300 ## - PHYSICAL DESCRIPTION
Number of Pages 344 pages
650 #0 - SUBJECT ADDED ENTRY--TOPICAL TERM
Topical Term Art.
942 ## - ADDED ENTRY ELEMENTS (KOHA)
Koha item type English Books
Holdings
Withdrawn status Lost status Damaged status Not for loan Home library Current library Shelving location Date acquired Full call number Accession Number Price effective from Koha item type
        Anna Centenary Library Anna Centenary Library 4TH FLOOR, A WING 30.03.2026 355.709423 HIG 465356 30.03.2026 English Books

Find us on the map